Dok Champa (Laos) & Vanda Miss Joaquim (Singapura) / (Record no. 175631)
[ view plain ]
| 000 -LEADER | |
|---|---|
| fixed length control field | 00928nam a22002771ia4500 |
| 003 - CONTROL NUMBER IDENTIFIER | |
| control field | OSt |
| 005 - DATE AND TIME OF LATEST TRANSACTION | |
| control field | 20200225121820.0 |
| 008 - FIXED-LENGTH DATA ELEMENTS--GENERAL INFORMATION | |
| fixed length control field | 191223s2019 my aob|gr|||| 000 0 may d |
| 020 ## - INTERNATIONAL STANDARD BOOK NUMBER | |
| International Standard Book Number | 9789670695501 (SET) |
| Terms of availability | RM 162.00 |
| Qualifying information | paperback |
| International Standard Book Number | 9789670695549 |
| Terms of availability | RM 20.25 |
| Qualifying information | paperback |
| 040 ## - CATALOGING SOURCE | |
| Original cataloging agency | PPAK |
| Language of cataloging | eng |
| Transcribing agency | PPAK |
| Description conventions | rda |
| 082 04 - DEWEY DECIMAL CLASSIFICATION NUMBER | |
| Edition number | 23 |
| Classification number | 582.13 |
| 090 00 - LOCALLY ASSIGNED LC-TYPE CALL NUMBER (OCLC); LOCAL CALL NUMBER (RLIN) | |
| Classification number (OCLC) (R) ; Classification number, CALL (RLIN) (NR) | 582.13 |
| Feature heading | MDY |
| Feature heading | K |
| 100 0# - MAIN ENTRY--PERSONAL NAME | |
| Personal name | Md Yunus Ali, |
| Relator term | author. |
| 245 10 - TITLE STATEMENT | |
| Title | Dok Champa (Laos) & Vanda Miss Joaquim (Singapura) / |
| Statement of responsibility, etc. | Md Yunus Ali. |
| 264 #1 - PRODUCTION, PUBLICATION, DISTRIBUTION, MANUFACTURE, AND COPYRIGHT NOTICE | |
| Place of production, publication, distribution, manufacture | Bemban, Melaka : |
| Name of producer, publisher, distributor, manufacturer | PENERBITAN PELITA ILMU ; |
| Date of production, publication, distribution, manufacture, or copyright notice | 2019 |
| 300 ## - PHYSICAL DESCRIPTION | |
| Extent | 24 pages : |
| Other physical details | colour illustrations ; |
| Dimensions | 26 cm |
| 336 ## - CONTENT TYPE | |
| Content type term | text |
| Source | rdacontent |
| 337 ## - MEDIA TYPE | |
| Media type term | unmediated |
| Source | rdamedia |
| 338 ## - CARRIER TYPE | |
| Carrier type term | volume |
| Source | rdacarrier |
| 490 1# - SERIES STATEMENT | |
| Series statement | KENALI BUNGA KEBANGSAAN NEGARA ASEAN |
| 650 10 - SUBJECT ADDED ENTRY--TOPICAL TERM | |
| Topical term or geographic name entry element | Flowers |
| General subdivision | Juvenile literature. |
| Topical term or geographic name entry element | Children's stories, Malay. |
| 830 #0 - SERIES ADDED ENTRY--UNIFORM TITLE | |
| Uniform title | Kenali Bunga Kebangsaan Negara ASEAN |
| 942 ## - ADDED ENTRY ELEMENTS (KOHA) | |
| Source of classification or shelving scheme | Dewey Decimal Classification |
| Koha item type | Book |
| Withdrawn | Not for loan | Current library | Shelving location | Date acquired | Total Checkouts | Full call number | Barcode | Date last seen | Date last checked out | Koha item type |
|---|---|---|---|---|---|---|---|---|---|---|
| Perpustakaan Alor Setar | Pinjaman Kanak-kanak | 08/01/2020 | 1 | K 582.13 MDY | A01625783 | 26/03/2026 | 14/03/2026 | Book | ||
| Perpustakaan Awam Sungai Petani | Pinjaman Dewasa | 08/01/2020 | 582.13 MDY | A01625784 | 08/01/2020 | Book | ||||
| Perpustakaan Baling | Pinjaman Dewasa | 08/01/2020 | 582.13 MDY | A01625788 | 08/01/2020 | Book | ||||
| Perpustakaan Bandar Baharu | Pinjaman Dewasa | 08/01/2020 | 582.13 MDY | A01625789 | 08/01/2020 | Book | ||||
| Perpustakaan Jitra | Pinjaman Dewasa | 08/01/2020 | 582.13 MDY | A01625785 | 08/01/2020 | Book | ||||
| Perpustakaan Kulim | Pinjaman Dewasa | 08/01/2020 | 582.13 MDY | A01625786 | 08/01/2020 | Book | ||||
| Perpustakaan Langkawi | Pinjaman Dewasa | 08/01/2020 | 582.13 MDY | A01625787 | 08/01/2020 | Book |